• 首页
  • 本馆介绍
  • 公告通知
  • 最新文献
  • 馆藏检索
  • 电子资源
  • 读者导购
  • 参考咨询
  • 我的图书馆
  • 登录
  • 详细信息显示
  • 放入我的书架
  • 预约/预借图书
  • 作者相关作品
  • 分类相关作品
  • 丛书相关作品
  • 出版社相关作品

书目信息

  • 表格格式
  • 工作单格式
  • 卡片格式
题名:
古巴历史
    
 
作者: 纳瓦罗 著 ;王玫 译
分册:  
出版信息: 北京   当代世界出版社  1999.6
页数: 348页
开本: 32开
丛书名:
单 册:
中图分类: K751
科图分类:
主题词: 西印度群岛--历史
电子资源:
ISBN: 7-80115-196-8
000 00693nam0 2200217 45
001 0103200872
005 20031219104048.9
010    @a7-80115-196-8@dCNY22.00
100    @a20010320d1999 km y0chiy0120 ea
101 0  @achi
105    @a z 000yy
200 1  @a古巴历史@AGu Ba Li Shi@e枷锁与星辰的挑战@EJia Suo Yu Xing Chen De Tiao Zhan@f(古巴)纳瓦罗著@F(Gu Ba)Na Wa Luo Zhu@g王玫译
210    @a北京@c当代世界出版社@d1999.6
215    @a348页@d32开
517    @a枷锁与星辰的挑战@AJia Suo Yu Xing Chen De Tiao Zhan
606 0  @a西印度群岛@x历史
690    @aK751@v1
701  0 @a纳瓦罗@4著
702  0 @a王玫@AWang Mei@4译
801    @aCN@bTSTC@c20010320
905    @b295664-666@dK751@e4@f3
    
    古巴历史:枷锁与星辰的挑战/(古巴)纳瓦罗著/王玫译.-北京:当代世界出版社,1999.6
    348页;32开
    
    
    ISBN 7-80115-196-8:CNY22.00
    
●
相关链接 在E读中查询图书 在五车中查询图书 在当当中查询图书 在豆瓣中查询图书


正题名:古巴历史     索取号:K751/4         预约/预借

序号 登录号 条形码 馆藏地/架位号 状态 备注
1 0295664   002956643   密集书库/ [索取号:K751/4] 在馆    
2 0295665   002956652   密集书库/ [索取号:K751/4] 在馆    
3 0295666   002956661   第二样本阅览室/ [索取号:K751/4] 在馆    
唐山师范学院图书馆 欢迎您!
大连网信软件有限公司© 版权所有